000
00269nam a2200109Ia 4500
005
20251222114356.0
008
251222s1900||||xx |||||||||||||| ||spa||
082
_a
DVD0050/F52/1987
245
0
_a
Innerspace:Viaje insólito
264
_b
Warner Bros. Pictures
942
_c
DVD
999
_c
1451
_d
1451